000 01539nam a2200349 c 4500
003 BLK
005 20250725160721.0
008 180411b bul|||||r ||||||| ||bul||
010 _aKNG00199320000
020 _a978-954-389-411-6
_bиздат.: Ера
040 _aBLK
041 _aBUL
_cBUL
072 7 _2bullib
_aН83
_xЧужда художествена литература Н
080 _aАмериканска литература (на САЩ)
_b821.111(73)
_x-31
_z821.111(73)-31
100 1 _aСпаркс, Никълъс
_eпърви автор
_9366848
700 1 _aКарастойчева, Емилия Станимирова
_d1971 -
_gИндолог. Преводач от английски език
_qНичева-Карастойчева, Емилия Станимирова
_976920
139 _aСпаркс, Никълъс
_bС 55
245 1 0 _aВинаги двамата
_bРоман
_cНикълъс Спаркс; прев. от англ. Емилия Станимирова Карастойчева.
257 _aUSA
260 София
_bЕра
_c2016
_fСофия : Експертпринт
300 _a472 с.
_c20 см
380 _aX
500 _aОриг. загл. Two By Two / Nicholas Sparks.
653 _aромани
659 _aН
852 _aЦб 284089
856 4 _qpdf
_u
856 4 _qpdf
_u
942 _cKNG
_n0
_0151
944 _aCR
_c19.01.2017
_lМартин Енчев
_k30575
944 _aED
_c20.12.2017
_lф /
_kПенка_Димитрова
999 _c190211
_d190211